000 00305nam a2200109Ia 4500
005 20251222144813.0
008 251222s9999||||xx |||||||||||||| ||spa||
082 _a370.78/R75
100 _aRodríguez Arainga, Walabonzo
245 0 _aProcedimientos y Técnicas de Investigación en Educación
942 _cLIB
999 _c20185
_d20185